| 000 | 00773nam a22002177a 4500 | ||
|---|---|---|---|
| 999 |
_c19631 _d19631 |
||
| 003 | AR-CdUCM | ||
| 008 | 190518b ||||| |||| 00| 0 spa d | ||
| 040 |
_aMUNICIPALIDAD PROVINCIAL DEL CUSCO _cBIBLIOTECA MUNICIPAL DEL CUSCO |
||
| 082 |
_a335.4 / _bG22 |
||
| 100 |
_aGarcía Bacca, Juan David _916361 |
||
| 245 |
_aHumanismo : _bteórico, práctico y positivo según Marx / |
||
| 260 |
_aMéxico : _bFondo de Cultura Económica, _c1965. |
||
| 300 |
_a92 páginas ; _c22 cm. |
||
| 440 |
_aSección de Obras de Filosofía. _931716 |
||
| 505 | _aContenido: Humanismo teórico -- Humanismo práctico -- Humanismo positivo. | ||
| 650 |
_aAntropología _9878 |
||
| 650 |
_aFilosofía _9395 |
||
| 650 |
_aHumanismo _92496 |
||
| 942 |
_2ddc _cLIBROS |
||
| 945 |
_aachl _d2019-05-18 |
||